[Event "Wch U20 Blitz"]
[Site "Pula"]
[Date "2023.10.15"]
[Round "8"]
[White "Martinovici, Ilie"]
[Black "Fecker, Noah"]
[Result "0-1"]
[WhiteElo "2432"]
[BlackElo "2396"]
[PlyCount "60"]
[EventDate "2023.10.14"]
[EventType "swiss (blitz)"]
[EventRounds "11"]
[EventCountry "ITA"]
[SourceTitle "Mega2024 Update 01"]
[Source "Chessbase"]
[SourceDate "2023.11.12"]
[SourceVersion "1"]
[SourceVersionDate "2023.11.12"]
[SourceQuality "1"]

1. d4 d5 2. c4 e6 3. Nc3 a6 4. cxd5 exd5 5. Bf4 Nf6 6. e3 c5 7. Nf3 c4 8. Be2 b5 9. 0-0 Bb7 10. Ne5 Nbd7 11. Bf3 Ne4 12. Qc2 Ndf6 13. a4 g5 14. Bg3 Nxg3 15. fxg3 b4 16. Ne2 Be7 17. Nxc4 g4 18. Bxg4 dxc4 19. Bf5 Nd5 20. Qd2 Bg5 21. Nf4 0-0 22. e4 Ne7 23. Bg4 Bxe4 24. Rae1 Bd3 25. Rf2 Qxd4 26. Kh1 Nd5 27. Ref1 Ne3 28. Nxd3 Qxg4 29. Ne5 Nxf1 30. Qd5 Ne3 0-1

[Event "Wch U20 Blitz"]
[Site "Pula"]
[Date "2023.10.14"]
[Round "1"]
[White "Martinovici, Ilie"]
[Black "Toumi, Mohamed Jad"]
[Result "1-0"]
[WhiteElo "2432"]
[BlackElo "1941"]
[PlyCount "81"]
[EventDate "2023.10.14"]
[EventType "swiss (blitz)"]
[EventRounds "11"]
[EventCountry "ITA"]
[SourceTitle "Mega2024 Update 01"]
[Source "Chessbase"]
[SourceDate "2023.11.12"]
[SourceVersion "1"]
[SourceVersionDate "2023.11.12"]
[SourceQuality "1"]

1. d4 Nf6 2. c4 g6 3. f3 d6 4. Nc3 Bg7 5. e4 Nbd7 6. Bg5 c5 7. d5 a6 8. a4 0-0 9. Nh3 h6 10. Be3 Rb8 11. Nf2 Ne5 12. Be2 b6 13. 0-0 Qc7 14. Qd2 Kh7 15. h3 Ned7 16. Rad1 Nh5 17. Nh1 b5 18. axb5 axb5 19. Nxb5 Qb6 20. f4 Nhf6 21. Nf2 Ba6 22. b4 Bxb5 23. cxb5 Rfc8 24. Rc1 Qb7 25. Rfd1 h5 26. f5 Ne5 27. bxc5 dxc5 28. fxg6+ fxg6 29. Rxc5 Rxc5 30. Bxc5 Rc8 31. Bd4 Bh6 32. Qb4 Rc2 33. Bf1 Qc7 34. d6 exd6 35. b6 Qb7 36. Qxd6 Rxf2 37. Bxf2 Qxe4 38. Qxf6 Bf4 39. Re1 Qc6 40. Qxf4 Nc4 41. Re7+ 1-0

[Event "Wch U20 Blitz"]
[Site "Pula"]
[Date "2023.10.14"]
[Round "2"]
[White "Peyrer, Konstantin"]
[Black "Martinovici, Ilie"]
[Result "1-0"]
[WhiteElo "2442"]
[BlackElo "2432"]
[PlyCount "129"]
[EventDate "2023.10.14"]
[EventType "swiss (blitz)"]
[EventRounds "11"]
[EventCountry "ITA"]
[SourceTitle "Mega2024 Update 01"]
[Source "Chessbase"]
[SourceDate "2023.11.12"]
[SourceVersion "1"]
[SourceVersionDate "2023.11.12"]
[SourceQuality "1"]

1. d4 Nf6 2. c4 e6 3. Nf3 c5 4. Nc3 cxd4 5. Nxd4 Bb4 6. Bd2 Nc6 7. a3 Bc5 8. Nxc6 bxc6 9. b4 Be7 10. c5 a5 11. g3 Nd5 12. Nxd5 exd5 13. Bg2 Bf6 14. Rb1 axb4 15. axb4 0-0 16. 0-0 Re8 17. Re1 Ba6 18. Bf4 Bc3 19. Bd2 Qf6 20. Rb3 Bd4 21. Rf3 Qg6 22. Bc3 Bxc3 23. Rxc3 Rab8 24. Qa4 Bxe2 25. Qa7 Bg4 26. Rce3 Be6 27. b5 Rxb5 28. Qxd7 Rbb8 29. Qxc6 Rbc8 30. Qa4 Red8 31. Qd4 h6 32. Rc3 Qf6 33. Rd1 Qe7 34. c6 Qd6 35. Rdc1 Rc7 36. Bf1 Bf5 37. Bb5 Be4 38. f3 Bf5 39. Re1 Be6 40. Re5 Rb8 41. Rc5 Ra7 42. Re1 Qc7 43. Bf1 Ra2 44. Ra1 Rxa1 45. Qxa1 Qb6 46. Qd4 Rc8 47. Bb5 Rc7 48. Kg2 Qa5 49. Bf1 Qb6 50. Bb5 Qa7 51. Qf2 Qa1 52. Bd3 Qa3 53. Qd4 Qa2+ 54. Rc2 Qa8 55. Qb6 Qc8 56. Ba6 Qd8 57. Rd2 Qd6 58. Bb5 Rc8 59. Rc2 d4 60. Rd2 Rb8 61. Qa6 Qc5 62. Bd3 g6 63. Rc2 Qb6 64. c7 Qxa6 65. cxb8Q+ 1-0

[Event "Palermo op 28th"]
[Site "Palermo"]
[Date "2023.09.24"]
[Round "7"]
[White "Dambrauskas, Virginijus A"]
[Black "Martinovici, Ilie"]
[Result "0-1"]
[WhiteElo "2223"]
[BlackElo "2414"]
[PlyCount "84"]
[EventDate "2023.09.21"]
[EventType "swiss"]
[EventRounds "7"]
[EventCountry "ITA"]
[SourceTitle "EXT 2024"]
[Source "ChessBase"]
[SourceDate "2023.10.10"]
[SourceVersion "1"]
[SourceVersionDate "2023.10.10"]
[SourceQuality "1"]

1. d4 c5 2. c3 d5 3. Nf3 Nc6 4. g3 Bg4 5. Bg2 e6 6. 0-0 Nf6 7. a3 a5 8. a4 cxd4 9. cxd4 Qb6 10. e3 Be7 11. Nc3 0-0 12. h3 Bxf3 13. Qxf3 Rac8 14. Qe2 Nb4 15. Bd2 Rc6 16. Rfc1 Rfc8 17. Bf1 Ne8 18. Nb5 f5 19. Qd1 Nf6 20. Nc3 Qd8 21. Bb5 R6c7 22. Bf1 Qe8 23. Nb5 Rc6 24. Na7 Rxc1 25. Rxc1 Rxc1 26. Bxc1 Ne4 27. Nb5 h5 28. Nc3 h4 29. Nxe4 fxe4 30. Bd2 hxg3 31. fxg3 Qg6 32. Qe1 Nc2 33. Qf2 Bg5 34. Kh2 Qf6 35. Kg2 Qh6 36. Bxa5 Nxe3+ 37. Kh1 Qf6 38. Kg1 Nf5 39. Kh2 Be3 40. Qe1 Qxd4 41. Bc3 Qxa4 42. g4 Bf4+ 0-1

[Event "Lignano Bella Italia op 2nd"]
[Site "Lignano Sabbiadoro"]
[Date "2023.08.23"]
[Round "9"]
[White "Bettalli, Francesco"]
[Black "Martinovici, Ilie"]
[Result "1-0"]
[WhiteElo "2274"]
[BlackElo "2441"]
[PlyCount "145"]
[EventDate "2023.08.17"]
[EventType "swiss"]
[EventRounds "9"]
[EventCountry "ITA"]
[SourceTitle "EXT 2024"]
[Source "ChessBase"]
[SourceDate "2023.10.10"]
[SourceVersion "1"]
[SourceVersionDate "2023.10.10"]
[SourceQuality "1"]

1. e4 c5 2. Nf3 d6 3. d4 cxd4 4. Nxd4 Nf6 5. Nc3 Nc6 6. Bg5 Bd7 7. Qd2 Rc8 8. 0-0-0 Nxd4 9. Qxd4 Qa5 10. f4 h6 11. Bh4 g5 12. e5 Bg7 13. Be1 Nh5 14. Nd5 dxe5 15. fxe5 Qa4 16. c4 Qxa2 17. Nc3 Qa1+ 18. Kc2 Bf5+ 19. Bd3 Qxd1+ 20. Nxd1 Rd8 21. Qxd8+ Kxd8 22. Bxf5 Bxe5 23. Bc3 Bxc3 24. Nxc3 e6 25. Be4 Kc8 26. Nb5 f5 27. Bd3 a6 28. Nd4 Kd7 29. Re1 Ng7 30. Kc3 Rf8 31. c5 Ke7 32. b4 Kf6 33. Bc4 Rc8 34. Nb3 Ke7 35. Rd1 Ne8 36. Nd4 Ng7 37. Nf3 Ne8 38. Ne5 Rc7 39. Kb3 a5 40. Bb5 Nf6 41. Nd3 axb4 42. Re1 Ne4 43. Kxb4 Kf6 44. Ra1 h5 45. Ra7 Rg7 46. Ka5 f4 47. Kb6 Nc3 48. Bc4 e5 49. Ra3 Nb1 50. Ra1 Nd2 51. Bd5 e4 52. Nb4 Ke5 53. Rd1 e3 54. Bxb7 g4 55. c6 f3 56. gxf3 gxf3 57. Ba6 Rg4 58. Nd3+ Kd4 59. c7 Rg8 60. Kb7 e2 61. Rxd2 Ke3 62. Rb2 f2 63. Rxe2+ Kxe2 64. Nf4+ Kf3 65. Nxh5 Kg2 66. h4 Rf8 67. Nf4+ Kg3 68. Ng6 Rf7 69. Be2 Rg7 70. h5 f1Q 71. Bxf1 Kg4 72. Be2+ Kg5 73. Kb8 1-0

[Event "Lignano Bella Italia op 2nd"]
[Site "Lignano Sabbiadoro"]
[Date "2023.08.20"]
[Round "6"]
[White "Martinovici, Ilie"]
[Black "Golubka, Petr"]
[Result "1/2-1/2"]
[WhiteElo "2441"]
[BlackElo "2421"]
[PlyCount "86"]
[EventDate "2023.08.17"]
[EventType "swiss"]
[EventRounds "9"]
[EventCountry "ITA"]
[SourceTitle "EXT 2024"]
[Source "ChessBase"]
[SourceDate "2023.10.10"]
[SourceVersion "1"]
[SourceVersionDate "2023.10.10"]
[SourceQuality "1"]

1. d4 Nf6 2. c4 g6 3. f3 Bg7 4. e4 d6 5. Nc3 0-0 6. Bg5 h6 7. Be3 c5 8. d5 e6 9. Qd2 exd5 10. cxd5 Nbd7 11. Nh3 a6 12. a4 Rb8 13. Nf2 h5 14. Be2 Ne8 15. 0-0 Nc7 16. Rab1 b5 17. axb5 Nxb5 18. Bxb5 axb5 19. b4 cxb4 20. Rxb4 Qa5 21. Rfb1 Ba6 22. Ne2 Rfc8 23. Nd4 Ne5 24. Qe1 Qc7 25. Bf4 Rb6 26. Nxb5 Bxb5 27. Rxb5 Rxb5 28. Rxb5 Qc2 29. Rb1 Qa2 30. Rc1 Rb8 31. Qf1 Rb2 32. Rc8+ Kh7 33. Nh3 Bf6 34. Ng5+ Bxg5 35. Bxg5 Nd3 36. h4 Ne1 37. Bf6 Rxg2+ 38. Kh1 g5 39. Rh8+ Kg6 40. hxg5 Rh2+ 41. Kg1 Rg2+ 42. Kh1 Rh2+ 43. Kg1 Rg2+ 1/2-1/2

[Event "Spilimbergo op 21st"]
[Site "Spilimbergo"]
[Date "2023.08.15"]
[Round "9"]
[White "Martinovici, Ilie"]
[Black "Boder, Jan"]
[Result "0-1"]
[WhiteElo "2441"]
[BlackElo "2234"]
[PlyCount "148"]
[EventDate "2023.08.09"]
[EventType "swiss"]
[EventRounds "9"]
[EventCountry "ITA"]
[SourceTitle "CBM 215 Extra"]
[Source "ChessBase"]
[SourceDate "2023.09.30"]
[SourceVersion "1"]
[SourceVersionDate "2023.09.30"]
[SourceQuality "1"]

1. Nf3 d5 2. b3 Nf6 3. Bb2 c5 4. e3 Bf5 5. Ne5 Nbd7 6. Bb5 a6 7. Bxd7+ Nxd7 8. Qf3 Nxe5 9. Qxf5 Nc6 10. d3 e6 11. Qg4 h5 12. Qf3 h4 13. Nd2 Rh6 14. a3 Bd6 15. Bxg7 Rg6 16. Bb2 Qg5 17. g3 Be5 18. c3 0-0-0 19. Qe2 Qf5 20. Nf3 hxg3 21. hxg3 Rf6 22. Nh4 Qh7 23. f4 Bd6 24. Rh2 Rh6 25. Nf3 Rg8 26. Rg2 f6 27. 0-0-0 e5 28. e4 exf4 29. exd5 Ne5 30. Nxe5 fxe5 31. Rdg1 Rh1 32. Kc2 Rxg1 33. Rxg1 Qh3 34. g4 f3 35. Qf1 Qh2+ 36. Kb1 Rf8 37. Rh1 Qg2 38. Rg1 Qd2 39. c4 f2 40. Rh1 Rf3 41. Bc1 Qc3 42. Qe2 Qxb3+ 43. Bb2 Qxd3+ 44. Qxd3 Rxd3 45. Rf1 Rf3 46. Kc2 e4 47. Kd1 e3 48. Ke2 Rg3 49. g5 Bf4 50. Bf6 Kd7 51. a4 b6 52. Rb1 Rg1 53. Rf1 a5 54. g6 Rxg6 55. Bc3 Bh6 56. Be5 Rg1 57. Bh2 Rg4 58. Rc1 Bf4 59. Bxf4 Rxf4 60. Rf1 Rxc4 61. Kxe3 Rxa4 62. Rxf2 Rb4 63. Rf6 a4 64. Kd3 b5 65. Kc3 Rb3+ 66. Kc2 b4 67. Rc6 Rc3+ 68. Kb2 a3+ 69. Ka2 c4 70. Rb6 Rc2+ 71. Kb1 b3 72. Ra6 a2+ 73. Ka1 Rc1+ 74. Kb2 Rb1+ 0-1

[Event "Treviso Master op 4th"]
[Site "Treviso"]
[Date "2023.04.02"]
[Round "4"]
[White "Martinovici, Ilie"]
[Black "Kalosha, Zhiulien Oleksii"]
[Result "1-0"]
[WhiteElo "2423"]
[BlackElo "2196"]
[PlyCount "103"]
[EventDate "2023.03.31"]
[EventType "swiss"]
[EventRounds "5"]
[EventCountry "ITA"]
[SourceTitle "EXT 2024"]
[Source "ChessBase"]
[SourceDate "2023.10.10"]
[SourceVersion "1"]
[SourceVersionDate "2023.10.10"]
[SourceQuality "1"]

1. d4 d5 2. c4 e6 3. cxd5 exd5 4. Nc3 c6 5. Bf4 Bd6 6. Bxd6 Qxd6 7. e3 Nf6 8. Bd3 0-0 9. h3 Re8 10. Nf3 Nbd7 11. Qc2 Nf8 12. 0-0 Ng6 13. Rab1 Bd7 14. b4 Rac8 15. a4 b6 16. Rfc1 Re7 17. Rb2 Rce8 18. Qd1 Ne4 19. b5 Qf6 20. bxc6 Bxc6 21. Bb5 Nxc3 22. Rxc3 Bd7 23. Bxd7 Rxd7 24. Qb3 h6 25. Rbc2 Qe7 26. Qb5 Red8 27. Rc1 Qd6 28. a5 bxa5 29. Qxa5 Rb8 30. Rc5 Kh7 31. h4 f6 32. h5 Ne7 33. Qa2 Qe6 34. Qc2+ Qf5 35. Qxf5+ Nxf5 36. Ne1 Rb3 37. Rd1 Ne7 38. Nd3 Rdb7 39. Rcc1 Ra3 40. Nf4 Ra5 41. Rc2 Kg8 42. Rdc1 Rab5 43. Rc7 a6 44. R1c5 Rxc7 45. Rxc7 Kf8 46. Ne6+ Kf7 47. Nxg7 Kxg7 48. Rxe7+ Kg8 49. Re6 a5 50. Rxf6 a4 51. Ra6 Rb1+ 52. Kh2 1-0

[Event "Treviso Master op 4th"]
[Site "Treviso"]
[Date "2023.04.01"]
[Round "2"]
[White "Martinovici, Ilie"]
[Black "Teutsch, Alexander"]
[Result "1-0"]
[WhiteElo "2423"]
[BlackElo "2173"]
[PlyCount "69"]
[EventDate "2023.03.31"]
[EventType "swiss"]
[EventRounds "5"]
[EventCountry "ITA"]
[SourceTitle "EXT 2024"]
[Source "ChessBase"]
[SourceDate "2023.10.10"]
[SourceVersion "1"]
[SourceVersionDate "2023.10.10"]
[SourceQuality "1"]

1. d4 Nf6 2. c4 e6 3. Nc3 c5 4. d5 d6 5. e4 g6 6. f3 exd5 7. cxd5 Bg7 8. Bg5 0-0 9. Nge2 Nbd7 10. Ng3 a6 11. a4 Qc7 12. Be2 h6 13. Be3 h5 14. 0-0 c4 15. Rc1 Rb8 16. b3 b5 17. axb5 axb5 18. bxc4 bxc4 19. Nb1 Nb6 20. Na3 Ba6 21. Qd2 h4 22. Nh1 c3 23. Bxa6 cxd2 24. Rxc7 Nbxd5 25. exd5 Nxd5 26. Ba7 Nxc7 27. Bxb8 Rxb8 28. Be2 Re8 29. Bd1 Nd5 30. Nc2 Ne3 31. Nxe3 Rxe3 32. Nf2 Re1 33. g3 Bd4 34. Kg2 d5 35. gxh4 1-0

[Event "MDA-ch"]
[Site "Kishinev"]
[Date "2023.02.12"]
[Round "9"]
[White "Eletskikh, Alexandr"]
[Black "Martinovici, Ilie"]
[Result "1/2-1/2"]
[WhiteElo "2269"]
[BlackElo "2420"]
[PlyCount "95"]
[EventDate "2023.02.04"]
[EventType "tourn"]
[EventRounds "9"]
[EventCountry "MDA"]
[EventCategory "5"]
[SourceTitle "CBM 212 Extra"]
[Source "ChessBase"]
[SourceDate "2023.03.31"]
[SourceVersion "1"]
[SourceVersionDate "2023.03.31"]
[SourceQuality "1"]

1. d4 e6 2. Nf3 f5 3. Bg5 Nf6 4. Nbd2 d5 5. e3 Bd6 6. c4 c6 7. Bd3 h6 8. Bf4 0-0 9. 0-0 Ne4 10. Bxd6 Qxd6 11. Ne5 Nd7 12. Nxd7 Bxd7 13. Nf3 Be8 14. Ne5 g5 15. Bxe4 dxe4 16. f3 exf3 17. c5 Qd5 18. Qxf3 Qxf3 19. Rxf3 Kg7 20. b4 Rd8 21. Rf2 f4 22. Raf1 Rf5 23. e4 Rf8 24. Rd2 Bg6 25. Re1 h5 26. Nc4 f3 27. Nd6 fxg2 28. Rxg2 Kh6 29. Rf1 Rxf1+ 30. Kxf1 g4 31. Ke2 Kg5 32. a4 a6 33. Rf2 h4 34. Ke3 g3 35. hxg3 hxg3 36. Nf7+ Bxf7 37. Rxf7 Kg4 38. Rxb7 Rg8 39. Rh7 Rb8 40. Rg7+ Kh3 41. Kf4 Rf8+ 42. Ke5 g2 43. Kxe6 Rf4 44. Rxg2 Kxg2 45. Kd7 Rxe4 46. Kxc6 Rxd4 47. b5 Rxa4 48. bxa6 1/2-1/2

[Event "MDA-ch"]
[Site "Kishinev"]
[Date "2023.02.08"]
[Round "5"]
[White "Martinovici, Ilie"]
[Black "Sanduleac, Vasile"]
[Result "1/2-1/2"]
[WhiteElo "2420"]
[BlackElo "2403"]
[PlyCount "71"]
[EventDate "2023.02.04"]
[EventType "tourn"]
[EventRounds "9"]
[EventCountry "MDA"]
[EventCategory "5"]
[SourceTitle "CBM 212 Extra"]
[Source "ChessBase"]
[SourceDate "2023.03.31"]
[SourceVersion "1"]
[SourceVersionDate "2023.03.31"]
[SourceQuality "1"]

1. d4 Nf6 2. c4 b6 3. Nc3 Bb7 4. Qc2 e6 5. e4 d6 6. Bd3 Nc6 7. Nge2 e5 8. d5 Ne7 9. 0-0 Bc8 10. f4 exf4 11. Bxf4 Ng6 12. Nd4 Bd7 13. Bg3 Be7 14. Nf5 0-0 15. Qe2 Re8 16. Nxe7+ Qxe7 17. h3 a6 18. Rae1 Bc8 19. e5 dxe5 20. Bxg6 hxg6 21. Bxe5 Bf5 22. Bxf6 Qc5+ 23. Qf2 Qxf2+ 24. Kxf2 gxf6 25. g4 Bd3 26. Rxe8+ Rxe8 27. Rd1 Bxc4 28. Rd4 Bb5 29. Nxb5 axb5 30. Rb4 Re5 31. Rxb5 f5 32. b4 Re8 33. a4 Ra8 34. a5 bxa5 35. bxa5 fxg4 36. hxg4 1/2-1/2

[Event "MDA-ch"]
[Site "Kishinev"]
[Date "2023.02.07"]
[Round "4"]
[White "Lashkin, Jegor"]
[Black "Martinovici, Ilie"]
[Result "1-0"]
[WhiteElo "2416"]
[BlackElo "2420"]
[PlyCount "47"]
[EventDate "2023.02.04"]
[EventType "tourn"]
[EventRounds "9"]
[EventCountry "MDA"]
[EventCategory "5"]
[SourceTitle "CBM 212 Extra"]
[Source "ChessBase"]
[SourceDate "2023.03.31"]
[SourceVersion "1"]
[SourceVersionDate "2023.03.31"]
[SourceQuality "1"]

1. d4 Nf6 2. c4 e6 3. Nf3 d5 4. Nc3 c6 5. e3 Nbd7 6. Be2 Bb4 7. 0-0 0-0 8. Qc2 dxc4 9. Bxc4 Qe7 10. a3 Ba5 11. b4 Bc7 12. h3 e5 13. Bb3 a5 14. Bd2 axb4 15. axb4 Rxa1 16. Rxa1 Bd6 17. b5 c5 18. Ng5 exd4 19. exd4 cxd4 20. Nd5 Qd8 21. Nxf6+ Nxf6 22. Nxf7 Rxf7 23. Ra8 Bc7 24. Qc4 1-0

[Event "Chioggia op-A 15th"]
[Site "Chioggia"]
[Date "2022.10.01"]
[Round "3"]
[White "Martinovici, Ilie"]
[Black "Zenari, Marco"]
[Result "1/2-1/2"]
[WhiteElo "2403"]
[BlackElo "2104"]
[PlyCount "129"]
[EventDate "2022.09.30"]
[EventType "swiss"]
[EventRounds "5"]
[EventCountry "ITA"]
[SourceTitle "EXT 2024"]
[Source "ChessBase"]
[SourceDate "2023.10.10"]
[SourceVersion "1"]
[SourceVersionDate "2023.10.10"]
[SourceQuality "1"]

1. d4 Nf6 2. c4 g6 3. Nc3 Bg7 4. e4 d6 5. f3 0-0 6. Bg5 Nc6 7. Nge2 a6 8. Rc1 Rb8 9. Qd2 e5 10. d5 Na5 11. b3 c5 12. dxc6 bxc6 13. Rd1 Nb7 14. Nc1 Qa5 15. Be2 h6 16. Be3 Be6 17. 0-0 Kh7 18. Nd3 c5 19. Rc1 Nd8 20. f4 exf4 21. Nxf4 Ne8 22. Qc2 Nc6 23. Nxe6 fxe6 24. Rxf8 Bxf8 25. e5 Nxe5 26. Bf4 Qc7 27. Bxe5 dxe5 28. Rf1 Qg7 29. Ne4 Be7 30. Bd3 Nf6 31. h4 Nh5 32. g3 Rf8 33. Rxf8 Bxf8 34. Qf2 Qe7 35. Be2 Kg7 36. Bxh5 gxh5 37. Qb2 Qc7 38. Kg2 Kg6 39. Qc2 Kg7 40. Qc3 Kg6 41. Qd3 Kg7 42. Kf3 Qf7+ 43. Ke3 Qc7 44. Qc3 Kg6 45. Qc2 Kg7 46. Qd1 Qf7 47. a3 Qb7 48. Qd3 Be7 49. Qc3 Qb8 50. Nd2 Qd6 51. Ke2 Qd4 52. Qf3 Qg4 53. Qxg4+ hxg4 54. Ke3 h5 55. Ke4 Kf6 56. Nb1 Bd6 57. Nc3 a5 58. Na4 Ke7 59. Nb2 Kf7 60. Nd3 Kf6 61. Nf2 Kf7 62. Nd1 Kf6 63. Nc3 Bf8 64. Na4 Bd6 65. Nc3 1/2-1/2

[Event "Titled Tuesday intern op 20th Sep Late"]
[Site "Chess.com INT"]
[Date "2022.09.20"]
[Round "7"]
[White "Martinovici, Ilie"]
[Black "Girel, Joseph"]
[Result "0-1"]
[WhiteElo "2403"]
[BlackElo "2411"]
[PlyCount "134"]
[EventDate "2022.09.20"]
[EventType "swiss (blitz)"]
[EventRounds "11"]
[EventCountry "USA"]
[SourceTitle "EXT 2023"]
[Source "ChessBase"]
[SourceDate "2022.10.05"]
[SourceVersion "1"]
[SourceVersionDate "2022.10.05"]
[SourceQuality "1"]

1. d4 e6 2. c4 Bb4+ 3. Bd2 a5 4. Nf3 Nf6 5. g3 b6 6. Bg2 Bb7 7. 0-0 d6 8. Bc1 d5 9. Ne5 Nbd7 10. Qc2 0-0 11. cxd5 Nxe5 12. dxe5 Nxd5 13. Rd1 Qc8 14. e4 Ne7 15. Be3 Nc6 16. a3 Be7 17. f4 a4 18. Nc3 Na5 19. Qxa4 Bc6 20. Qc2 Nc4 21. Bf2 b5 22. a4 bxa4 23. Bf1 Nb6 24. Nb5 Qb7 25. Rdc1 Bxe4 26. Qxc7 Qxc7 27. Nxc7 Rab8 28. Na6 Rb7 29. Nc5 Bxc5 30. Bxc5 Rfb8 31. Ba6 Ra7 32. Bb5 Rab7 33. Bd6 Ra8 34. Rc7 Rxc7 35. Bxc7 Nd5 36. Bd6 Bc2 37. Bc6 Rd8 38. Ra3 Bb3 39. Bxa4 Bxa4 40. Rxa4 h6 41. Kf2 g5 42. Rc4 Kg7 43. Kf3 Ra8 44. b4 Ra3+ 45. Kf2 gxf4 46. gxf4 Rb3 47. Rd4 Kg6 48. Ke2 Kf5 49. Kd2 Rb2+ 50. Kc1 Rxh2 51. Rc4 Rh3 52. b5 Rb3 53. Rc5 h5 54. Kc2 Rb4 55. Kd2 Nxf4 56. Bc7 h4 57. b6 Nd5 58. Rc1 h3 59. Bd6 Rxb6 60. Rf1+ Ke4 61. Rh1 Rb2+ 62. Kc1 Rf2 63. Rxh3 Ne3 64. Rh4+ Kd3 65. Rh7 Nd5 66. Kb1 Nc3+ 67. Kc1 Rc2# 0-1

[Event "Titled Tuesday intern op 20th Sep Early"]
[Site "Chess.com INT"]
[Date "2022.09.20"]
[Round "8"]
[White "Omariev, Maksim"]
[Black "Martinovici, Ilie"]
[Result "0-1"]
[WhiteElo "2304"]
[BlackElo "2403"]
[PlyCount "60"]
[EventDate "2022.09.20"]
[EventType "swiss (blitz)"]
[EventRounds "11"]
[EventCountry "USA"]
[SourceTitle "EXT 2023"]
[Source "ChessBase"]
[SourceDate "2022.10.05"]
[SourceVersion "1"]
[SourceVersionDate "2022.10.05"]
[SourceQuality "1"]

1. g4 d5 2. Bg2 c6 3. h3 e5 4. d4 e4 5. c4 f5 6. Nc3 fxg4 7. hxg4 Bxg4 8. Qb3 Nf6 9. Qxb7 Nbd7 10. Bf4 Qc8 11. Qb3 Nb6 12. cxd5 cxd5 13. Rc1 Qf5 14. Be5 Be7 15. f3 exf3 16. exf3 Bh5 17. Nge2 Bf7 18. Ng3 Qg6 19. Bh3 Qg5 20. Kf2 Nc4 21. f4 Ng4+ 22. Kf3 Ngxe5+ 23. dxe5 Nd2+ 24. Kg2 Qxf4 25. Qb5+ Kf8 26. Nce2 Qf3+ 27. Kh2 Qf2+ 28. Bg2 Nf3+ 29. Kh3 Be6+ 30. Nf5 Bxf5# 0-1

[Event "Titled Tuesday intern op 06th Sep Early"]
[Site "Chess.com INT"]
[Date "2022.09.06"]
[Round "1"]
[White "Ciuffoletti, Paolo"]
[Black "Martinovici, Ilie"]
[Result "1-0"]
[WhiteElo "2106"]
[BlackElo "2403"]
[PlyCount "81"]
[EventDate "2022.09.06"]
[EventType "swiss (blitz)"]
[EventRounds "11"]
[EventCountry "USA"]
[SourceTitle "EXT 2023"]
[Source "ChessBase"]
[SourceDate "2022.10.05"]
[SourceVersion "1"]
[SourceVersionDate "2022.10.05"]
[SourceQuality "1"]

1. e4 c5 2. d4 cxd4 3. c3 d3 4. Bxd3 Nc6 5. c4 Nf6 6. Nc3 e6 7. Nf3 Bb4 8. e5 Ng4 9. Qe2 Qa5 10. 0-0 Ngxe5 11. Nxe5 Qxe5 12. Ne4 f5 13. f4 Qc7 14. Ng5 0-0 15. Be3 Nd8 16. a3 Bc5 17. b4 Bxe3+ 18. Qxe3 Nf7 19. Nxf7 Rxf7 20. c5 b6 21. Rac1 Bb7 22. c6 dxc6 23. Qxe6 Rd8 24. Bc4 Kf8 25. Qxf7+ Qxf7 26. Bxf7 Kxf7 27. Rcd1 Rxd1 28. Rxd1 Ke7 29. Kf2 c5 30. bxc5 bxc5 31. Rb1 Be4 32. Rb5 Kd6 33. Ra5 Kd5 34. Rxa7 Kd4 35. Rxg7 c4 36. Rxh7 Kd3 37. Rd7+ Kc2 38. Rc7 c3 39. h4 Kd2 40. h5 c2 41. h6 1-0